000 00610nam a22001937a 4500
999 _c16344
_d16344
008 170313b xxu||||| |||| 00| 0 eng d
020 _a0793546257
040 _aKABU
_cKABU
050 _aM1621.4
_b.J64 1996 C.1
245 _aJohannes Brahms 75 songs
_bhigh voice
_cedited by Richard Walters, Laura Ward and Elaine Schmidt
260 _bHal.leonard
_c1996
300 _a280 p.
650 _aSongs (High voice) with piano
650 _aSongs cycles
700 _aWalters, Richard
700 _aWard Laura
700 _aSchmidt, Elaine
942 _2lcc
_cBK
_hM1621.4 .J64 1996 C.1